000 00743nam a22003137a 4500
005 20250624171724.0
008 200819b2020 xxu||||| |||| 00| 0 spa d
020 _a9786075385730
041 _aESP
082 _a005.5 T684o
100 _aTormo, Marisa
245 _aOffice 2019 para todos
260 _aMéxico
260 _bAlfaomega
260 _c2020
300 _a206 páginas
490 _aDirección y Administración de Empresa
490 _aSecretariado Ejecutivo
490 _aTecnologías de la Información
650 _aOFFICE 2019
650 _aACCESS
650 _aEXCEL
650 _aOUTLOOK
650 _aPOWER POINT
650 _aPROJECT
650 _aVISIO
650 _aWORD
942 _cBK
_2ddc
999 _c12658
_d12658